Stavebno-technologický projekt: Polyfunkčný komplex Matador-2.etapa

Salvato in:
Dettagli Bibliografici
Autore principale: Lalák, Róbert (Autore)
Altri autori: Makýš, Peter (Relatore della tesi)
Natura: Manoscritto Libro
Lingua:slovacco
Pubblicazione: 2022
Soggetti:
Accesso online:http://is.stuba.sk/zp/portal_zp.pl?podrobnosti=162104
https://opac.crzp.sk/?fn=detailBiblioForm&sid=2990E1F3D3E255467A843359E9F3
Tags: Aggiungi Tag
Nessun Tag, puoi essere il primo ad aggiungerne!!

MARC

LEADER 00000ntm a22000003a 4500
001 stuzp88517
003 SK-STU
005 20230509085255.1
007 ta
008 150427s2015----xo-----f-mn---000-0-slo-d
040 |a STU  |b slo 
041 0 |a slo 
100 1 |a Lalák, Róbert  |u 010270  |4 aut  |U SvF Stavebná fakulta  |T SvF Katedra technológie stavieb  |X 93046  |U V270  |Y 28  |7 93046 
242 0 1 |a Construction - Technological Project - Polyfunkčný komplex Matador-2.etapa  |y eng 
245 1 0 |a Stavebno-technologický projekt: Polyfunkčný komplex Matador-2.etapa 
260 |c 2022 
650 4 |a hĺbkové vibračné zhutňovanie  |2 slo 
650 4 |a štrkové vibropilóty  |2 slo 
650 4 |a Polyfunkčný komplex Matador  |2 slo 
650 4 |a Multifunctional complex Matador  |2 eng 
650 4 |a vibro replacement  |2 eng 
650 4 |a gravel vibropiles  |2 eng 
700 1 |a Makýš, Peter  |u 010270  |k Z1  |4 ths  |U SvF Stavebná fakulta  |T SvF Katedra technológie stavieb  |X 2751  |U V270  |Y 28  |7 A000002751 
856 4 |u http://is.stuba.sk/zp/portal_zp.pl?podrobnosti=162104 
856 4 |u https://opac.crzp.sk/?fn=detailBiblioForm&sid=2990E1F3D3E255467A843359E9F3